00000000nas 2200000zi 4500
0019.934183
003CaOODSP
00520250220134105
006m     o  d f      
007cr |||||||||||
008240220d19791992oncuu m o    f0###a0eng|d
040 |aCaOODSP|beng|erda|cCaOODSP
043 |an-cn---
0861 |aEn57-55E-PDF
1300 |aCanadian Climate Centre report.
24510|aCanadian Climate Centre report / |cAtmospheric Environment Service.
264 1|aDownsview, Ontario : |bAtmospheric Environment Service, |c1979-[1992?]
336 |atext|btxt|2rdacontent
337 |acomputer|bc|2rdamedia
338 |aonline resource|bcr|2rdacarrier
3621 |aBegan with: No. 79-1; ceased with: No. 92-3?
500 |aDigitized edition from print [produced by Environment and Climate Change Canada].
500 |aIssue 80-3 has French text following the English text.
515 |aSome volumes bear additional numerical designation CCRN.
530 |aSome numbers issued on microfiche format.
588 |aDescription based on: No. 80-6.
650 0|aClimatology.
650 6|aClimatologie.
651 0|aCanada|xClimate.
651 6|aCanada|xClimat.
7102 |aCanadian Climate Centre, |eissuing body.